Music Quiz

Random Music Quiz
Score 0/27 Timer 12:00
0 Plays Today
% Correct
Chan
98.1%
Woojin
96.4%
Changbin
94.1%
Felix
90.4%
Hyunjin
85.1%
Minho
83.6%
Seungmin
83%
Chan
78.2%
Jeongin
76.1%
Jisung
75.5%
Woojin
75.5%
Felix
75%
Changbin
74.8%
Hyunjin
73.5%
% Correct
Seungmin
72.8%
Felix
72.4%
Woojin
72.3%
Chan
72.3%
Changbin
72.1%
Jeongin
71.4%
Seungmin
71%
Minho
70.8%
Jisung
70.3%
Jisung
70.2%
Jeongin
70.1%
Minho
69.3%
Hyunjin
69%
Come Together.
Have Fun.
All Virtual.
We all need to come together. Play Sporcle's virtual live trivia to have fun, connect with people, and get your trivia on. Join a live hosted trivia game for your favorite pub trivia experience done virtually. If a virtual private party is more your thing, go here for details.

You're not logged in!

Compare scores with friends on all Sporcle quizzes.
OR
Log In

Sporcle TV

Today on Sporcle TV


Watch our educational content, quiz creation guides, and fun videos on Sporcle TV.

Show Comments

Extras

Created Apr 10, 2018ReportNominate
Tags:Kpop Quiz

Top Quizzes Today


Score Distribution

Paid Content

Your Account Isn't Verified!

In order to create a playlist on Sporcle, you need to verify the email address you used during registration. Go to your Sporcle Settings to finish the process.

Report this User

Report this user for behavior that violates our Community Guidelines.

Details: